000 00551nam a2200241Ia 4500
005 20250425162033.0
008 250425s9999 xx 000 0 und d
020 _a8432966150
041 _aspa
082 _a621.38
100 _aWILSON, F.A.
245 0 _aELEMENTOS DE ELECTRONICA: AUDIO
250 _a1A ED.
260 _aBARCELONA
260 _aEspaƱa
_bCEAC
_c1986
300 _a358
650 _aACUSTICA
650 _aALTAVOCES
650 _aMICROFONOS
650 _aTRANSDUCTORES DE SONIDO
942 _c01
010 _a41730
999 _c221081
_d221081